Score 0/16 Timer 02:00
0 Plays Today
Clue 4-Letter Word % Correct
Large North American wild cat
or a brand of running shoe
★ PUMA ★
95.3%
Large African wild cat
or a beast that sleeps tonight, in song
★ LION ★
94.8%
What a baby puts in a diaperPOOP
93.8%
High-heeled shoePUMP
88.7%
Feature of a roller coaster or a shoelaceLOOP
88.6%
Bird on a Canadian coinLOON
87.6%
Partner of circumstancePOMP
84.7%
Weasel relative prized for its furMINK
76.7%
Clue 4-Letter Word % Correct
Twain's river riding heroFINN
68.2%
Utah national parkZION
66.3%
A curse that brings bad luck (eg, mentioning a no-hitter)JINX
65.7%
Police informantFINK
64%
Mid-sized North American wild cat
or Minnesota's WNBA team
★ LYNX ★
63.9%
A wickedly flirtatious personMINX
63.7%
Blonde Pokémon with a purple face and a red dressJYNX
55%
Historian Howard who wrote 'A People's History of the United States'ZINN
53.3%

Today's Daily Dose

Remove Ads.
Support Sporcle.
Get the best of Sporcle when you Go Orange. This ad-free experience offers more features, more stats, and more fun while also helping to support Sporcle. Thank you for becoming a member.

You're not logged in!

Compare scores with friends on all Sporcle quizzes.
OR
Log In

Show Comments

Extras

Top Quizzes Today


Score Distribution

Your Account Isn't Verified!

In order to create a playlist on Sporcle, you need to verify the email address you used during registration. Go to your Sporcle Settings to finish the process.

Report this User

Report this user for behavior that violates our Community Guidelines.

Details: